000 00318 a2200133 4500
001 155437
040 _cEscola São Tomás de Aquino
100 _aPIZAIA, Cassiana
240 1 0 _aMáquinas do tempo
_lpor
245 1 0 _aMáquinas do tempo
440 1 _aEditora do Brasil
697 _a*LITERATURA INFANTO
942 _cBK
999 _c155437
_d155437